Statistiques concernant Mangas fr

Cliquez ici pour prendre le quiz!

Statistiques générales

  • Ce quiz a été pris 2 589 fois
    (2 587 depuis la dernière actualisation)
  • Le résultat moyen est 11 sur 20

Statistiques - réponses

HintRéponse% Correct
Géants dévorants les humainsL'attaque des Titans
94%
Pirate au chapeau de pailleOne Piece
93%
Cahier de la mortDeath Note
87%
Ninja voulant devenir hokageNaruto
86%
Super héros battant ses ennemis d'un seul coupOne Punch Man
79%
Shinigami aux cheveux orangesBleach
75%
Frères ayant perdu leur corpsFull Metal Alchemist
75%
Eleves devant tuer leur professeurAssassination Classroom
74%
Guilde magiqueFairy Tail
72%
Professeur célibataire libre comme l'airGTO
68%
Créatures mangeurs de chair humaineTokyo Ghoul
49%
Armes devant avaler 99 âmesSoul Eater
43%
Bébé futur roi des démonsBeelzebub
41%
Jumeaux consacrant leur vie aux jeux videosNo Game No Life
41%
Squelette du MMORPG yggdrasilOverlord
37%
Guerriers de l'espace blondsDBZ
34%
Dispositif mesurant le taux de criminalitéPsycho-pass
33%
Chasseurs de nourrituresToriko
32%
Récupérateurs aux pouvoirs surhumainGet Backers
3%
Joueurs de MMORPG se retrouve coincés dans le jeuLog Horison
2%

Distribution des résultats

Percentile par nombre de réponses

% des personnes avec chaque résultat

Votre développement - résultats

Vous n’avez pas pris ce quiz depuis la dernière actualisation